00409cam a22001217a 4500008004000000020001500040245007300055260003900128300001000167700001700177999001900194952007400213180718b2005 xxu||||| |||| 00| 0 eng d a817881434X aSri Lankan economy: policies and achievementscedited by V.V. Ramani aHyderabadbICFAI Univ. Pressc2005 a180p. aRamani, V.V. c404888d404888 00104070aIIPAbIIPAd2005-12-13p80726r2018-07-21w2018-07-21yBK